| 000 | 00656nam a22002057a 4500 | ||
|---|---|---|---|
| 005 | 20140310183636.0 | ||
| 008 | 131128b xxu||||| |||| 00| 0 eng d | ||
| 020 | _a9789713013002 | ||
| 050 |
_aTX 354 _b.C615 2008 |
||
| 100 | _aClaudio, Virgiia Serraon | ||
| 245 |
_aMeal management and table service / _bVirgiia Serraon Claudio, Corazon Guevarra Leocadio, Evelina Guevarra Escudero |
||
| 260 |
_aManila, Philippines : _bMerriam & Webster Bookstore, Inc, _c2008. |
||
| 300 |
_a115 p. : _bill. ; _c26 cm. |
||
| 521 | _aTOU | ||
| 650 | _a Food. | ||
| 650 | _aTable service. | ||
| 650 | _a Grocery shopping | ||
| 942 |
_2lcc _cBK _kLOC |
||
| 999 |
_c25723 _d25723 |
||